000 01736cam a22005054i 4500
003 PE-LiUPU
005 20250731173232.0
008 150625s1986 sp r 000 0 spa d
020 _a8429307559
020 _a9788429307559
035 _a(Sirsi) a34752
040 _aPE-LiUPU
_bspa
_cPE-LiUPU
_erda
041 1 _aspa
_hfre
049 _aPRUA
082 0 4 _a262.13
_bT55
_221
100 1 _aTillard, O. P.,
_eautor.
245 1 3 _aEl obispo de Roma :
_bestudio sobre el papado /
_cJean-Marie-René Tillard.
264 1 _aSantander :
_bSal Terrae,
_c1986.
300 _a244 páginas ;
_c22 centímetros.
336 _atext
_2rdacontent
337 _aunmediated
_2rdamedia
338 _avolume
_2rdacarrier
490 0 _aPresencia teológica ;
_v33
505 0 _aEl papa, ¿algo más que un papa? -- El papa: el obispo de Roma -- Al servicio de la comunión.
526 _aSEG42
526 _aSEG41
526 _aSEG40
526 _aSEG39
526 _aP94
526 _aP87
526 _aP86
526 _aP85
526 _aP77
526 _aP76
526 _aP35
534 _pTítulo original :
_tL'évêque de Rome.
650 0 4 _aPapa
_xHistoria de doctrinas.
910 _adbm
_bjpc
_cjpc
_d20190522
942 _2ddc
_cBOOK
994 _aC0
_bPEPRU
596 _a1
999 _a262.13 T55
_wDEWEY
_c42643
_i28474
_d42643
_e2019-7-17
_f2021-11-10
_g5
_lCCODEBUL1
_mBUL
_n1
_p10.00
_q3
_r0
_sY
_tBOOK
_u2015-6-25
_xTEOLOGIA
_PP35
_0COMPRA
_o.STAFF. Colección Teología
999 _a262.13 T55
_wDEWEY
_c2
_i37183
_f2021-11-10
_g3
_lCCODEBUL1
_mBUL
_p10.00
_r0
_sY
_tBOOK
_u2019-5-22
_xTEOLOGIA
_PP35
_0COMPRA
_o.STAFF. Colección Teología
980 _81
_gALBERTO SANCHEZ Responsable de Automatización